000 00903nmm a2200265 a 4500
001 ocm0001231998
003 TR-IsHL
005 20201028155704.0
008 150709s2014 tu tur
007 cr cn
035 _a1231998
_b(N$T)
050 0 4 _aPL248.Ş475
_bY45 2014
090 0 4 _aPL248.Ş475
_bY45 2014
100 1 _aŞepitçi, Mehmet Sami
245 1 0 _aYemen sızısı
_h[electronic resource] /
_cMehmet Sami Şepitçi ; editör Mustafa Erdem Kafkaslıoğlu
260 _aİstanbul :
_bBilgeoğuz Yayınları,
_c2014
300 _a239 p.
650 4 _aDil ve Edebiyat
650 4 _aLanguage and Literature
650 0 _aTürk romanı
650 0 _aTurkish fiction
650 7 _aLITERARY COLLECTIONS / Middle Eastern
_2bisacsh
700 1 _aKafkaslıoğlu, Mustafa Erdem
856 4 0 _uhttp://search.ebscohost.com/login.aspx?direct=true&scope=site&db=e011xww&AN=1231998
999 _c13212
_d13212